Les groupes d'intérêt : Action collective et stratégies de représentation (notice n° 2198655)

détails MARC
000 -LEADER
fixed length control field 01815cam a2200145 4500500
005 - DATE AND TIME OF LATEST TRANSACTION
control field 20260405085556.0
041 ## - LANGUAGE CODE
Language code of text/sound track or separate title fre
042 ## - AUTHENTICATION CODE
Authentication code dc
100 10 - MAIN ENTRY--PERSONAL NAME
Personal name Grossman, Emiliano
Relator term author
245 00 - TITLE STATEMENT
Title Les groupes d'intérêt : Action collective et stratégies de représentation
260 ## - PUBLICATION, DISTRIBUTION, ETC.
Name of publisher, distributor, etc. Armand Colin,<br/>
Date of publication, distribution, etc. 2012.<br/>
520 ## - SUMMARY, ETC.
Summary, etc. Raviver le débat académique sur les groupes d’intérêt est fondamental au moment où ces derniers jouent un rôle croissant à la fois au niveau communautaire, national et international. Vivre dans une société de groupes et de mouvements entraîne des conséquences importantes pour l’exercice du pouvoir dans l’État. Producteurs de normes, les groupes d’intérêts doivent être analysés dans leur fonctionnement et leurs activités tant du point de vue fonctionnel et empirique que normatif. Cette nouvelle édition propose plusieurs axes pour appréhender le phénomène des groupes d’intérêt. Les auteurs s’intéressent aux formes organisationnelles, aux ressources et aux répertoires d’action de ces groupes. L’ouvrage fait le point sur les différentes formes relationnelles qui existent entre les groupes d’intérêt et les États, en montrant les ouvertures et les limites de trois idéaux-types : pluralisme, corporatisme et réseaux de politique publique. L’influence du niveau international sur les groupes d’intérêt fait l’objet d’une attention particulière. Dans un contexte de globalisation des échanges et des politiques, nombreux sont les groupes d’intérêt qui cherchent à influencer des processus au niveau mondial, et plus spécifiquement encore au niveau européen.
700 10 - ADDED ENTRY--PERSONAL NAME
Personal name Saurugger, Sabine
Relator term author
856 41 - ELECTRONIC LOCATION AND ACCESS
Uniform Resource Identifier <a href="https://shs.cairn.info/les-groupes-d-interet--9782200259983?lang=fr&redirect-ssocas=7080">https://shs.cairn.info/les-groupes-d-interet--9782200259983?lang=fr&redirect-ssocas=7080</a>

Pas d'exemplaire disponible.

PLUDOC

PLUDOC est la plateforme unique et centralisée de gestion des bibliothèques physiques et numériques de Guinée administré par le CEDUST. Elle est la plus grande base de données de ressources documentaires pour les Étudiants, Enseignants chercheurs et Chercheurs de Guinée.

Adresse

627 919 101/664 919 101

25 boulevard du commerce
Kaloum, Conakry, Guinée

Réseaux sociaux

Powered by Netsen Group @ 2025